000 01319nam a2200265 a 4500
001 18127
003 CO-ViMGA
008 141112s2004 ck r 000 u spa d
020 _a9681850734
040 _aCO-ViMGA
_bspa
_cCO-ViMGA
082 0 4 _a721 R157d
100 1 _aRamsey, Charles George; Sleeper, Harold Reeve
_925783
245 1 0 _aLas dimensiones en Arquitectura
260 _aMexico,
_cLimusa Wiley,
_c2002
300 _a942.p.
505 _aDatos generales de planificación y diseño Infraestrucutra Concreto Mamposteía Metales Madera y plasticos Protección termica e impermeabilización Puertas y ventanas Acabados Construccines especiales Equipamento Mobiliario Construcción especial Sistemas de transportes vertical y horizontal Instalaciones mecánicas Sistemas electricos Instalaciones deportivas y de juegos Conservación de la energía y los recursos Conservación de edificios históricos Tipos de edificios y planificación de espacio
590 _aForma de adquisición : Premio - Mincultura
650 1 4 _aARQUITECTURA - DISEÑO - PLANOS
_925784
650 1 4 _aARQUITECTURA - EQUIPOS Y ACCESORIOS
_925785
650 1 4 _aARQUITECTURA - FORMAS
_925786
650 1 4 _aDISEÑO ARQUITECTONICO
650 1 4 _aESPACIO - ARQUITECTURA
_925787
650 1 4 _aHORMIGON - NORMAS
_925788
942 _2ddc
_cBK
999 _c27500
_d27500